1303 1271 1437 1450 1210 1006 1382 1618 1681 1523 1958 1115 1036 1874 1937 1918 1846 1953 1183 1044 1431 1809 1443 1998 1509 1513 1942 1231 1629 1530 1219 1805 1637 1347 1158 1214 1443 1402 1450 1010 1920 1424 1151 1840 1761 1346 1817 1045 1907 1273 1785 1655 1510 1114 1457 1919 1649 1237 1999 1580 1446 1741 1075 1716 1179 1047 1476 1192 1760 1946 1433 1593 1206 1881 1907 1965 1386 1616 1491 1445 1320 1635 1195 1783 1135 1172 1593 1649 1595 1004 1991 1855 1675 1839 1802 1837 1776 1919 1299 BCNSPRNW ULIB Ver.6.0+V

เปลี่ยนเป็นภาษาไทย

Change to English
 แสดงรายละเอียดบรรณานุกรม
  กลับหน้าหลัก

Brief Record : Get Marc (ISO 2709) : E-mail record : QR code < ปิดหน้าต่าง
LEADER : 00000nam a2200000Ia 4500
001    13399122473
003     ULIB
008    121003s2555 th a 000 0 tha d
020    ^a9786161111380
060 04 ^aQW504^bห323
245 00 ^aหลักสูตรเชิงปฏิบัติการสำหรับเจ้าหน้าที่สร้างเสริมภูมิคุ้มกันโรค /^cคณะบรรณาธิการ, อัญชลี ศิริพิทยาคุณกิจ ... [และคนอื่นๆ]
250    ^aพิมพ์ครั้งที่ 2
260    ^a[นนทบุรี] :^bสถาบันวัคซีนแห่งชาติ กรมควบคุมโรค กระทรวงสาธารณสุข,^c2555
300    ^aก-ฌ, 198 หน้า :^bภาพประกอบ ;^c29 ซม.
650  4 ^aเจ้าหน้าที่สาธารณสุข
650  4 ^aภูมิคุ้มกัน, โรค^xหลักสูตร
650  4 ^aวิทยาภูมิคุ้มกัน
700 0  ^aอัญชลี ศิริพิทยาคุณกิจ,^eบรรณาธิการ
710 2  ^aสถาบันวัคซีนแห่งชาติ กรมควบคุมโรค กระทรวงสาธารณสุข
710 2  ^aกระทรวงสาธารณสุข. ^bกรมควบคุมโรค
710 2  ^aสถาบันวัคซีนแห่งชาติ
945    ^p0^l0^i033709
945    ^p0^l0^i033710
999    ^aเกษร โพธิ์สุวรรณ
รายการนี้ยังไม่มีแท็ก
คุณยังไม่ได้ล็อกอิน คุณสามารถมีกิจกรรมร่วมกับเว็บไซต์ได้ แต่ต้องล็อกอินก่อน ::
  ล็อกอิน

รายการสื่อสารสนเทศ

ลำดับที่ ประเภท เลขเรียก/บาร์โค้ด สถานที่ สถานะ
1. วิทยาศาสตร์การแพทย์ และสุขภาพ
หนังสือสำรอง
สถานะ=หนังสือสำรอง
QW504 ห323 ฉ.1 
  Barcode: 033709
ห้องสมุดวิทยาเขตสวรรค์ประชารักษ์
►ส่วนจัดเก็บหนังสือเก่า สปร
บนชั้น
  ขอยืม
2. วิทยาศาสตร์การแพทย์ และสุขภาพ
วิทยาศาสตร์การแพทย์ และสุขภาพ
QW504 ห323 ฉ.2 
  Barcode: 033710
ห้องสมุดวิทยาเขตสวรรค์ประชารักษ์
►ส่วนจัดเก็บหนังสือเก่า สปร
บนชั้น
  ขอยืม

รายการใกล้เคียง
    หัวเรื่อง [เจ้าหน้าที่สาธารณสุข]
    หัวเรื่อง [วิทยาภูมิคุ้มกัน]

BibComment


ยังไม่เคยถูกคอมเมนท์

คอมเมนท์ทรัพยากรรายการนี้
  คอมเมนท์: หลักสูตรเชิงปฏิบ..


 Copyright 2026. Bcnsprnw @Library